[Event "Mistrzostwa Polski Juniorow do lat 18 - Chlopcy"]
[Site "Jastrzebia Gora"]
[Date "1899-12-30"]
[Round "1.1"]
[White "Stachecki, Mikolaj"]
[Black "Turski, Bartlomiej"]
[Result "0-1"]
[WhiteTitle "I++"]
[BlackTitle "FM"]
[WhiteElo "2015"]
[BlackElo "2352"]

1. Nf3 c5 2. c4 Nf6 3. Nc3 e6 4. e3 b6 5. b3 Bb7 6. Bb2 Be7 7. Be2 O-O 8. O-O a6
9. d4 cxd4 10. Nxd4 Qc7 11. Rc1 Re8 12. Bf3 Bf8 13. Bxb7 Qxb7 14. Qf3 Qxf3 15.
Nxf3 Nc6 16. Rfd1 Reb8 17. Ne2 Rb7 18. Ne5 Nxe5 19. Bxe5 b5 20. Rd2 Ne4 21. Rd4
f5 22. f3 d6 23. Bg3 Nxg3 24. Nxg3 Rc8 25. Re1 bxc4 26. Rxc4 Rxc4 27. bxc4 Rb4
28. e4 fxe4 29. Rxe4 Kf7 30. Ne2 Rb1+ 31. Kf2 Rb2 32. a3 Ra2 33. Rf4+ Ke8 34.
Re4 Kf7 35. Rf4+ Ke7 36. c5 d5 37. Ra4 Kd7 38. Ra5 Rc2 39. Rxa6 Bxc5+ 40. Ke1
Be3 41. Ra4 e5 42. f4 d4 43. fxe5 d3 44. e6+ Ke7 0-1

[Event "Mistrzostwa Polski Juniorow do lat 18 - Chlopcy"]
[Site "Jastrzebia Gora"]
[Date "1899-12-30"]
[Round "1.2"]
[White "Karolczuk, Iwo"]
[Black "Syrkiewicz, Michal"]
[Result "1-0"]
[WhiteTitle "FM"]
[BlackTitle "k"]
[WhiteElo "2346"]
[BlackElo "2000"]

1. e4 c5 2. Nf3 e6 3. d4 cxd4 4. Nxd4 a6 5. Bd3 Nc6 6. Nxc6 dxc6 7. Nd2 Qc7 8.
Nc4 b5 9. Ne3 Nf6 10. a4 Rb8 11. O-O e5 12. axb5 axb5 13. Qf3 Bc5 14. h3 O-O 15.
g4 h6 16. Ng2 Nh7 17. Qg3 Be6 18. Kh1 g5 19. Ne3 Ra8 20. Rxa8 Rxa8 21. Nf5 Bxf5
22. gxf5 Kf8 23. h4 f6 24. Be2 Qf7 25. Qc3 Qe7 26. b4 Bxb4 27. Qxc6 Ra7 28. Qxb5
Rc7 29. Rd1 Qc5 30. Rd8+ Kg7 31. Qb8 Nf8 32. Rxf8 Qxf2 33. Rg8+ Kf7 34. Qe8# 1-0

[Event "Mistrzostwa Polski Juniorow do lat 18 - Chlopcy"]
[Site "Jastrzebia Gora"]
[Date "1899-12-30"]
[Round "1.3"]
[White "Kitewski, Bartosz"]
[Black "Luczak, Filip"]
[Result "1/2-1/2"]
[WhiteTitle "I++"]
[BlackTitle "FM"]
[WhiteElo "1968"]
[BlackElo "2345"]

1. c4 g6 2. Nc3 Bg7 3. g3 d6 4. Bg2 Nc6 5. e4 e5 6. Nge2 f5 7. d3 Nf6 8. O-O O-O
9. exf5 Bxf5 10. d4 Qd7 11. d5 Nd8 12. f3 h5 13. Be3 Nf7 14. Qd2 Kh7 15. Ne4 Bxe4
16. fxe4 Ng4 17. Bh3 Bh6 18. Bxh6 Nfxh6 19. Nc3 Qe7 20. Rae1 Kg7 21. Nd1 b6 22.
Bxg4 Nxg4 23. Nf2 Nxf2 24. Rxf2 Rxf2 25. Qxf2 Rf8 26. Qe2 Qg5 27. Rf1 Rxf1+ 28.
Kxf1 Qc1+ 29. Kg2 a5 30. b3 Qb1 31. h4 Kf7 32. Qf1+ 1/2-1/2

[Event "Mistrzostwa Polski Juniorow do lat 18 - Chlopcy"]
[Site "Jastrzebia Gora"]
[Date "1899-12-30"]
[Round "1.4"]
[White "Dzida, Kamil"]
[Black "Jedraszek, Pawel"]
[Result "1-0"]
[WhiteTitle "m"]
[BlackTitle "I+"]
[WhiteElo "2333"]
[BlackElo "1944"]

1. e4 e5 2. Nf3 Nc6 3. Nc3 Nf6 4. a4 Bb4 5. Nd5 Nxe4 6. Qe2 Nf6 7. Nxb4 Nxb4 8.
Qxe5+ Qe7 9. Qxe7+ Kxe7 10. Nd4 d6 11. d3 Re8 12. Bd2 Nc6 13. Nxc6+ bxc6 14. O-O-O
c5 15. Ba5 Nd5 16. d4 cxd4 17. Bb5 Bd7 18. Rxd4 Bxb5 19. axb5 Nb6 20. Bc3 f6 21.
Kd2 a6 22. Re1+ Kf7 23. Rxe8 Kxe8 24. Ba5 Kd7 25. Bxb6 cxb6 26. Rg4 g6 27. Rf4
f5 28. Rh4 h5 29. Ra4 a5 30. Rc4 g5 31. Rc6 Rb8 32. g3 h4 33. gxh4 gxh4 34. h3
Ke6 35. Ke3 Ke5 36. c3 Rb7 37. f4+ Kd5 38. c4+ Ke6 39. Kd4 Rb8 40. Rc7 Rg8 41.
Rb7 Rg2 42. Rxb6 Rxb2 43. c5 Rb4+ 44. Kd3 Ke7 45. c6 Kd8 46. Rb7 Kc8 47. Kc3 d5
48. Rd7 Rxb5 49. Kd4 Rb1 50. Kc5 Kb8 51. Rg7 d4 52. Kd6 Rc1 53. Rb7+ Ka8 54. Rb2
a4 55. Rb4 d3 56. Kc7 Rxc6+ 57. Kxc6 d2 58. Rxa4+ 1-0

[Event "Mistrzostwa Polski Juniorow do lat 18 - Chlopcy"]
[Site "Jastrzebia Gora"]
[Date "1899-12-30"]
[Round "1.5"]
[White "Pisarek, Jan"]
[Black "Czernek, Tymon"]
[Result "1/2-1/2"]
[WhiteTitle "I"]
[BlackTitle "FM"]
[WhiteElo "1931"]
[BlackElo "2314"]

1. e4 c5 2. Nf3 d6 3. c3 Nf6 4. Be2 g6 5. O-O Bg7 6. d3 O-O 7. Be3 Nc6 8. Nbd2
e5 9. d4 cxd4 10. cxd4 exd4 11. Nxd4 Qe7 12. Nxc6 bxc6 13. Qc2 Re8 14. Rad1 Bb7
15. Bf3 d5 16. exd5 cxd5 17. Nb3 Rac8 18. Qd3 Ne4 19. Bd4 Bxd4 20. Nxd4 Qf6 21.
Rfe1 Ba6 22. Qb1 Nc5 23. Rxe8+ Rxe8 24. h3 Ne4 25. Qc2 Rc8 26. Qb3 Bc4 27. Qb7
Re8 28. Qxa7 Kg7 29. Qa5 Ng5 30. b3 Nxf3+ 31. Nxf3 Be2 32. Re1 d4 33. Nd2 d3 34.
Nc4 Qf4 35. Qc3+ Kg8 36. a4 Rc8 37. a5 Rxc4 38. bxc4 d2 39. Ra1 d1=Q+ 40. Rxd1
Bxd1 41. a6 Ba4 42. a7 Bc6 43. f3 h5 44. Qa5 Qe3+ 45. Kh2 Qe8 46. Qc7 Qa8 47.
Qb8+ Kg7 48. h4 Qb7 49. Qe5+ Kh7 50. Qb8 Qa6 51. Kg1 Qxc4 52. a8=Q Qd4+ 53. Kf1
Bxa8 54. Qxa8 Qxh4 55. Qf8 Qf4 56. Kg1 h4 57. Qc8 Kg7 58. Qc3+ Qf6 59. Qc8 g5
60. Kh1 Kg6 61. Qc2+ Kh6 62. Qc8 Qa1+ 63. Kh2 Qe5+ 64. Kh1 Kg6 65. Kg1 Qe1+ 66.
Kh2 Qe6 67. Qc2+ Kf6 68. Kg1 Qe1+ 69. Kh2 Qg3+ 70. Kh1 h3 71. Qc6+ Kg7 72. gxh3
Qxh3+ 73. Kg1 Qg3+ 74. Kf1 Qf4 75. Kg2 g4 76. fxg4 Qxg4+ 77. Kf2 Qh4+ 78. Ke2
Qg3 79. Qb7 Qf4 80. Qg2+ Kf6 81. Qg8 Ke7 82. Qa8 Kf6 83. Qg8 Qe4+ 84. Kf2 Ke7
85. Qb8 Qd4+ 86. Kf1 Qd6 87. Qg8 Qe5 88. Kf2 f6 89. Qc8 Kf7 90. Qd7+ Kg6 91. Qg4+
Kh6 92. Qh4+ Kg7 93. Qg4+ Kf8 94. Qc8+ Ke7 95. Kf3 f5 96. Qb7+ Kf6 97. Qc6+ Kg5
98. Qc1+ f4 99. Qg1+ Kf6 100. Qb6+ Kf5 101. Qb1+ Kg5 1/2-1/2

[Event "Mistrzostwa Polski Juniorow do lat 18 - Chlopcy"]
[Site "Jastrzebia Gora"]
[Date "1899-12-30"]
[Round "1.6"]
[White "Zdybel, Przemyslaw"]
[Black "Karut, Kacper"]
[Result "1-0"]
[WhiteTitle "I++"]
[BlackTitle "I"]
[WhiteElo "2268"]
[BlackElo "1904"]

1. e4 c5 2. Nc3 Nc6 3. Nge2 d6 4. d4 cxd4 5. Nxd4 Nf6 6. Bg5 e6 7. Qd2 a6 8. O-O-O
Bd7 9. f4 b5 10. Bxf6 gxf6 11. Kb1 b4 12. Nce2 Qb6 13. f5 e5 14. Nxc6 Bxc6 15.
Ng3 h5 16. h4 Bh6 17. Qxd6 Rd8 18. Qxd8+ Qxd8 19. Rxd8+ Kxd8 20. Bxa6 Rg8 21.
Rh3 Bf4 22. Nxh5 Rxg2 23. Rh1 Bxe4 24. Bd3 Bc6 25. Nxf4 Rg4 26. Rf1 exf4 27. h5
f3 28. Kc1 Rh4 29. Kd2 Rxh5 30. Ke3 Rh4 31. Ra1 Kc7 32. a3 bxa3 33. Rxa3 Rb4 34.
Ra7+ Bb7 35. b3 Kb6 36. Ra1 Rh4 37. Rg1 Kc5 38. Rg7 Bd5 39. Rg8 Rh2 40. Rg4 Rg2
41. Rf4 Kd6 42. Kd4 Bc6 43. b4 Rd2 44. Ke3 Rg2 45. b5 Bb7 46. Kd4 Rg1 47. c4 Rc1
48. Rh4 Ba8 49. Rh2 Bb7 50. Bc2 Rg1 51. c5+ Kc7 52. Rf2 Rg4+ 53. Ke3 Bd5 54. Rd2
f2 55. Kxf2 Be4 56. Bxe4 Rxe4 57. Rd5 Rb4 58. c6 Kb6 59. Kf3 Rc4 60. Ke3 Rb4 61.
Kf3 Rc4 62. Kg3 Rb4 63. Rd6 Rxb5 64. Rxf6 Rb4 65. Rxf7 Kxc6 66. Re7 Kd6 67. f6
Rc4 68. Re8 Rc7 69. Kg4 Rf7 70. Kf5 Kd7 71. Re4 Rf8 72. Rd4+ Kc6 73. Rd1 Kc7 74.
Kg6 Rg8+ 75. Kf7 Rg2 76. Kf8 Rf2 77. f7 Rg2 78. Rd4 Kc6 79. Ke7 Re2+ 80. Kf6 Rf2+
81. Ke6 Rf1 82. Rd8 Re1+ 83. Kf6 Rf1+ 84. Kg6 Rg1+ 85. Kh5 1-0

[Event "Mistrzostwa Polski Juniorow do lat 18 - Chlopcy"]
[Site "Jastrzebia Gora"]
[Date "1899-12-30"]
[Round "1.7"]
[White "Taranowicz, Michal"]
[Black "Paprocki, Antoni"]
[Result "1-0"]
[WhiteTitle "I++"]
[BlackTitle "k"]
[WhiteElo "1900"]
[BlackElo "2255"]

1. e4 e5 2. Nc3 Nf6 3. f4 d5 4. fxe5 Nxe4 5. Qf3 f5 6. d3 Nxc3 7. bxc3 d4 8. Qg3
Nc6 9. Be2 Be6 10. Bf3 Qd7 11. Ne2 dxc3 12. O-O O-O-O 13. Be3 Nb4 14. Rfb1 c6
15. Rxb4 Bxb4 16. Rb1 a5 17. a3 Bxa3 18. Nxc3 Bb4 19. Na4 Kb8 20. Bb6 c5 21. Nxc5
Qd4+ 22. Qf2 Qxf2+ 23. Kxf2 Bd5 24. Be2 Bc6 25. Na6+ bxa6 26. Bxa5 Rd7 27. Bxb4
Rb7 28. d4 a5 29. Bd6+ Ka7 30. Ra1 Rb2 31. d5 Bb5 32. Rxa5+ Kb6 33. Rxb5+ Rxb5
34. Bxb5 Kxb5 35. Be7 Rc8 36. e6 Rxc2+ 37. Kf3 Rd2 38. d6 Kc6 39. d7 Kc7 40. Kf4
Rd5 41. d8=Q+ Rxd8 42. Bxd8+ Kxd8 43. Kxf5 Ke7 44. Ke5 Ke8 45. Kd6 Kd8 46. h4
h5 47. e7+ Ke8 48. Ke6 1-0

[Event "Mistrzostwa Polski Juniorow do lat 18 - Chlopcy"]
[Site "Jastrzebia Gora"]
[Date "1899-12-30"]
[Round "1.8"]
[White "Chyzy, Jakub"]
[Black "Madajczak, Piotr"]
[Result "1/2-1/2"]
[WhiteTitle "FM"]
[BlackTitle "I+"]
[WhiteElo "2250"]
[BlackElo "1897"]

1. e4 c6 2. Nf3 d5 3. Nc3 Bg4 4. h3 Bxf3 5. Qxf3 e6 6. Be2 Bc5 7. O-O Ne7 8. Na4
Bd6 9. d4 dxe4 10. Qxe4 Nd7 11. c4 O-O 12. Rd1 Nf6 13. Qf3 Qa5 14. Nc3 Rad8 15.
Bd3 Bb8 16. g3 Rd7 17. Bd2 Qd8 18. Bg5 Rxd4 19. Bxf6 gxf6 20. Qxf6 Ng6 21. Qxd8
Rfxd8 22. Be2 Be5 23. Rxd4 Rxd4 24. Rd1 Rxd1+ 25. Nxd1 Bd4 26. Kg2 Ne5 27. f4
Nd7 28. Kf3 f5 29. Bd3 h5 30. g4 hxg4+ 31. hxg4 fxg4+ 32. Kxg4 Kf7 33. Kf3 Nf6
34. b4 Ke7 35. Ne3 Bc3 36. Nc2 b6 37. Be4 Kd6 38. Ke3 Ng4+ 39. Kd3 Bg7 40. Bg2
Nf2+ 41. Ke2 Ng4 42. Bh3 Nh6 43. Ne3 e5 44. fxe5+ Kxe5 1/2-1/2

[Event "Mistrzostwa Polski Juniorow do lat 18 - Chlopcy"]
[Site "Jastrzebia Gora"]
[Date "1899-12-30"]
[Round "1.9"]
[White "Kozlowski, Franciszek"]
[Black "Kacprzak, Kacper"]
[Result "0-1"]
[WhiteTitle "I+"]
[BlackTitle "k++"]
[WhiteElo "1829"]
[BlackElo "2248"]

1. d4 Nf6 2. c4 e6 3. g3 d5 4. Nf3 dxc4 5. Bg2 c6 6. O-O b5 7. a4 Bb7 8. Ne5 a6
9. Nc3 Qc8 10. Qc2 Nbd7 11. Bf4 Be7 12. Rfd1 O-O 13. e4 Nxe5 14. Bxe5 Nd7 15.
Bf4 Rd8 16. d5 e5 17. d6 Bf8 18. Bg5 Nf6 19. f4 Rxd6 20. fxe5 Rxd1+ 21. Rxd1 Ng4
22. Bh3 Qe6 23. Qd2 Re8 24. Ne2 Bc8 25. Qd4 Qxe5 26. Qxe5 Nxe5 27. Bxc8 Rxc8 28.
Be3 Re8 29. axb5 axb5 30. Ra1 Nd3 0-1

[Event "Mistrzostwa Polski Juniorow do lat 18 - Chlopcy"]
[Site "Jastrzebia Gora"]
[Date "1899-12-30"]
[Round "1.10"]
[White "Luberanski, Jakub"]
[Black "Kotowicz, Kamil"]
[Result "1-0"]
[WhiteTitle "FM"]
[BlackTitle "I"]
[WhiteElo "2242"]
[BlackElo "1828"]

1. d4 Nf6 2. c4 e6 3. Nf3 d5 4. e3 Be7 5. Be2 O-O 6. O-O c5 7. cxd5 Nxd5 8. Nc3
Nc6 9. e4 Nb6 10. dxc5 Bxc5 11. Qc2 Qe7 12. e5 Nd4 13. Qe4 Nxe2+ 14. Qxe2 h6 15.
Ne4 Bd7 16. Bxh6 gxh6 17. Qc2 Kg7 18. Qxc5 Qxc5 19. Nxc5 Bc6 20. Nd4 Bd5 21. b3
a6 22. Rac1 Rac8 23. Rfd1 Rfd8 24. f4 Nd7 25. Nd3 Kf8 26. Rxc8 Rxc8 27. Rc1 Rxc1+
28. Nxc1 Nc5 29. Kf2 Kg7 30. g3 Kg6 31. b4 Ne4+ 32. Ke3 Kh5 33. Nce2 Kg4 34. f5
Ng5 35. fxe6 Nxe6 36. a3 Bc4 37. Nxe6 Bxe6 38. Nf4 Bd7 39. Kd4 Bc6 40. Kc5 Kf5
41. Kd6 Bb5 42. Nd5 Bd3 43. Nf6 Bb5 44. Ng8 Kg5 45. h4+ Kh5 46. g4+ Kxg4 47. Nxh6+
Kxh4 48. Nxf7 Kg4 49. Nd8 b6 50. e6 Kf5 51. e7 Kf6 52. Ne6 Kf7 53. Nc7 1-0

[Event "Mistrzostwa Polski Juniorow do lat 18 - Chlopcy"]
[Site "Jastrzebia Gora"]
[Date "1899-12-30"]
[Round "1.11"]
[White "Smetek, Michal"]
[Black "Ochedzan, Tymon"]
[Result "1/2-1/2"]
[WhiteTitle "I+"]
[BlackTitle "FM"]
[WhiteElo "1787"]
[BlackElo "2240"]

1. d4 Nf6 2. c4 c5 3. d5 b5 4. cxb5 a6 5. b6 g6 6. Nc3 d6 7. Nf3 Bg7 8. Nd2 Nbd7
9. e4 O-O 10. Be2 Nxb6 11. O-O e6 12. dxe6 Bxe6 13. a4 d5 14. a5 Nbd7 15. exd5
Nxd5 16. Nde4 Nb4 17. Be3 Qc7 18. Qa4 Rab8 19. Rac1 Bf5 20. Rfd1 Be5 21. h3 Rfd8
22. g4 Be6 23. Ng5 Nf6 24. Nxe6 fxe6 25. g5 Rxd1+ 26. Qxd1 Nfd5 27. Nxd5 Nxd5
28. Bxc5 Bf4 29. Bg4 Re8 30. Bxe6+ Rxe6 31. Qxd5 Qf7 32. Rd1 Re1+ 33. Kg2 Rxd1
34. Qxd1 Bxg5 35. b4 Be7 36. Bxe7 Qxe7 37. Qd5+ Kg7 38. b5 axb5 39. a6 Kh6 40.
Qxb5 Qe4+ 41. Kg1 Qe1+ 42. Qf1 Qc3 43. Qe2 Qc1+ 44. Kg2 Qc6+ 45. f3 Qc5 46. Qd2+
Kg7 47. h4 Qa7 48. Qb2+ Kh6 49. Qa2 Kg7 50. Qa1+ Kh6 51. Qf6 Qc7 52. Kh3 Qd7+
53. Kg3 Qa7 54. Kg2 Qc7 55. Kf2 Qh2+ 56. Ke3 Qg1+ 57. Ke4 Qb1+ 58. Kd5 Qb5+ 59.
Ke4 Qb1+ 60. Ke3 Qe1+ 61. Kd3 Qd1+ 62. Ke4 1/2-1/2

[Event "Mistrzostwa Polski Juniorow do lat 18 - Chlopcy"]
[Site "Jastrzebia Gora"]
[Date "1899-12-30"]
[Round "1.12"]
[White "Kacprzak, Karol"]
[Black "Lis, Maksymilian"]
[Result "1/2-1/2"]
[WhiteTitle "k+"]
[BlackTitle "I"]
[WhiteElo "2221"]
[BlackElo "1784"]

1. e4 c5 2. Nf3 e6 3. d4 cxd4 4. Nxd4 a6 5. Bd3 Nc6 6. Nxc6 dxc6 7. a4 e5 8. O-O
Bc5 9. Qf3 Nf6 10. Be3 Qe7 11. a5 O-O 12. Nc3 Be6 13. Na4 Bxe3 14. Qxe3 Nd7 15.
Qe1 Rfe8 16. Qc3 Rad8 17. Rfe1 Qd6 18. Bf1 Qc7 19. Rad1 Nf8 20. Nc5 Bc8 21. Bc4
Rxd1 22. Rxd1 Be6 23. Be2 Bc8 24. Bc4 Be6 25. Be2 Bc8 26. h3 Ne6 27. Nxe6 Bxe6
28. b4 h6 29. Qd2 Re7 30. Qd8+ Qxd8 31. Rxd8+ Kh7 32. Bg4 Bxg4 33. hxg4 Kg6 34.
Kf1 Kg5 35. f3 Rc7 36. Rd3 Kf6 37. Ke2 Ke7 38. Kd2 f6 39. g3 Rd7 40. Kc3 Rxd3+
41. cxd3 g5 42. Kc4 Kd7 43. d4 Kc7 44. f4 gxf4 45. gxf4 exf4 46. Kd3 b6 47. Ke2
bxa5 48. bxa5 Kd6 49. Kf3 c5 50. dxc5+ Kxc5 51. Kxf4 Kd4 52. Kf5 Ke3 53. Kxf6
Kxe4 54. Kg6 Kf4 55. Kxh6 Kxg4 56. Kg6 Kf4 57. Kf6 Kg4 58. Ke6 Kg5 59. Ke5 Kg6
60. Ke6 Kg5 1/2-1/2

[Event "Mistrzostwa Polski Juniorow do lat 18 - Chlopcy"]
[Site "Jastrzebia Gora"]
[Date "1899-12-30"]
[Round "1.13"]
[White "Pieczulis, Blazej"]
[Black "Kaliszuk, Kamil"]
[Result "0-1"]
[WhiteTitle "I"]
[BlackTitle "k"]
[WhiteElo "1784"]
[BlackElo "2217"]

1. d4 d5 2. c4 e6 3. Nf3 c6 4. e3 Nf6 5. Nc3 Nbd7 6. Be2 Bd6 7. O-O O-O 8. b3 b6
9. Bb2 Bb7 10. Bd3 c5 11. cxd5 exd5 12. Bb5 Rc8 13. Qd3 Qe7 14. Rfd1 Rfd8 15.
Rac1 Nf8 16. dxc5 bxc5 17. Qf5 Rb8 18. Be2 Bc6 19. Qc2 Ne6 20. Nb1 Ne4 21. Nbd2
N6g5 22. Nxg5 Nxg5 23. h4 Ne6 24. Nf3 d4 25. Qf5 g6 26. Qg4 h5 27. Qh3 dxe3 28.
fxe3 Nf4 29. exf4 Qxe2 30. Bf6 Qe3+ 31. Kh1 Re8 32. Bg5 f6 33. Re1 Qf2 34. Rf1
Qb2 35. Rb1 Qxa2 36. Bxf6 Bxf4 37. Ra1 Qxb3 38. Ng5 Bxg5 39. Qxb3+ Rxb3 40. Bxg5
Re2 41. Rf3 Bxf3 42. gxf3 Rxf3 43. Rb1 Re8 44. Kg2 Rf7 45. Rc1 Rc8 46. Rc4 Rb7
47. Kf3 Rb3+ 48. Ke2 Rb4 49. Rc1 c4 50. Ke3 c3 51. Kd3 c2 52. Rf1 c1=Q 53. Bxc1
Rb1 54. Kd2 Rbxc1 55. Rxc1 Rxc1 0-1

[Event "Mistrzostwa Polski Juniorow do lat 18 - Chlopcy"]
[Site "Jastrzebia Gora"]
[Date "1899-12-30"]
[Round "1.14"]
[White "Malik, Maciej"]
[Black "Krasniewski, Szymon"]
[Result "0-1"]
[WhiteTitle "k"]
[BlackTitle "I"]
[WhiteElo "2163"]
[BlackElo "1771"]

1. e4 g6 2. d4 Bg7 3. Nc3 d6 4. Be3 Nd7 5. Be2 a6 6. Nf3 b5 7. a3 Bb7 8. O-O c5
9. d5 Ngf6 10. Nd2 O-O 11. f3 e6 12. dxe6 fxe6 13. Nb3 Qc7 14. Qd2 d5 15. exd5
exd5 16. Nd1 d4 17. Bf2 Nh5 18. Na5 Nf4 19. Nxb7 Qxb7 20. Bd3 Nxd3 21. cxd3 Rac8
22. a4 Rf5 23. axb5 axb5 24. Re1 Nf8 25. b3 Qf7 26. Qa2 c4 27. bxc4 bxc4 28. Qa6
Rfc5 29. Nb2 c3 30. Nc4 Rxc4 31. dxc4 Qxc4 32. Qb7 Rc7 33. Qb8 d3 34. Re4 Qf7
35. Be3 d2 36. Rf4 Qe7 37. Qb3+ Kh8 38. Re4 Qf7 39. Qc2 Rb7 40. Rf4 Qb3 41. Qxb3
Rxb3 42. Rc4 c2 43. Bxd2 Bxa1 44. Rxc2 Bd4+ 45. Kf1 Rb2 46. Rxb2 Bxb2 47. Kf2
Kg7 48. Be3 Ne6 49. Bd2 Kf6 50. g3 Ke5 51. Ke2 Kd4 52. Be1 Bc1 53. Ba5 Kc4 54.
f4 Nd4+ 55. Kf2 Kd3 56. Kg2 Ke2 57. Bc7 Nf5 58. g4 Ne3+ 59. Kg3 Bd2 60. Kh4 Nd5
61. Kg5 Nxc7 62. Kh6 Bxf4+ 63. g5 Nd5 64. h4 Ne7 65. h5 Nf5+ 66. Kxh7 gxh5 67.
Kg6 Ng3 68. Kf6 h4 69. g6 Bh6 70. g7 Bxg7+ 0-1

[Event "Mistrzostwa Polski Juniorow do lat 18 - Chlopcy"]
[Site "Jastrzebia Gora"]
[Date "1899-12-30"]
[Round "1.15"]
[White "Kossowski, Pawel"]
[Black "Grzesik, Gracjan"]
[Result "1/2-1/2"]
[WhiteTitle "I"]
[BlackTitle "k"]
[WhiteElo "1766"]
[BlackElo "2149"]

1. e4 c5 2. Nf3 d6 3. d4 cxd4 4. Nxd4 Nf6 5. Nc3 a6 6. Be2 e5 7. Nb3 Be7 8. O-O
O-O 9. Be3 Be6 10. Qd2 Nbd7 11. a4 Qc7 12. a5 Rac8 13. Rfd1 Rfd8 14. Qe1 Qc6 15.
Bf3 h6 16. Nc1 Nc5 17. N1a2 Ra8 18. Nb4 Qc7 19. Nbd5 Nxd5 20. Nxd5 Bxd5 21. Rxd5
Nd7 22. Qd2 Rac8 23. c3 Nf6 24. Bb6 Qd7 25. Rd3 Rf8 26. g3 Qc6 27. Re1 Nd7 28.
Be3 Nf6 29. Bb6 Nd7 30. Be3 Nf6 31. Bb6 1/2-1/2

[Event "Mistrzostwa Polski Juniorow do lat 18 - Chlopcy"]
[Site "Jastrzebia Gora"]
[Date "1899-12-30"]
[Round "1.16"]
[White "Backiel, Hubert"]
[Black "Wesolek, Krzysztof"]
[Result "1-0"]
[WhiteTitle "k"]
[BlackTitle "I+"]
[WhiteElo "2127"]
[BlackElo "1765"]

1. e4 e5 2. Nf3 Nc6 3. Bb5 a6 4. Ba4 Nf6 5. O-O Nxe4 6. d4 b5 7. Bb3 d5 8. dxe5
Be6 9. Be3 Bc5 10. Qe2 Na5 11. Rd1 Bxe3 12. Qxe3 c5 13. c3 Nxb3 14. axb3 Qb6 15.
Ne1 h6 16. Nd3 Rc8 17. b4 Qc6 18. bxc5 Nxc5 19. Nxc5 Qxc5 20. Qxc5 Rxc5 21. Rxa6
Kd7 22. Na3 Rb8 23. Nc2 Rb7 24. Nb4 Ke7 25. f3 g6 26. Kf2 h5 27. Rd4 Rc4 28. Ke3
Rc5 29. Rd6 Rd7 30. Rb6 f6 31. exf6+ Kxf6 32. Nd3 Rc8 33. Rf4+ Ke7 34. Ne5 g5
35. Ng6+ Kd8 36. Rf8+ Kc7 37. Rxe6 1-0

[Event "Mistrzostwa Polski Juniorow do lat 18 - Chlopcy"]
[Site "Jastrzebia Gora"]
[Date "1899-12-30"]
[Round "1.17"]
[White "Biesiadecki, Adam"]
[Black "Kolodziejski, Piotr"]
[Result "1-0"]
[WhiteTitle "I"]
[BlackTitle "k"]
[WhiteElo "1761"]
[BlackElo "2118"]

1. d4 Nf6 2. c4 e6 3. Nf3 b6 4. g3 Bb7 5. Bg2 Be7 6. O-O O-O 7. Re1 c5 8. d5 exd5
9. Nh4 Ne4 10. cxd5 Bxh4 11. Bxe4 Bf6 12. Nc3 d6 13. Bf4 Re8 14. Bg2 a6 15. a4
Qe7 16. Qb3 Nd7 17. Bh3 Ne5 18. Ne4 Reb8 19. Rad1 b5 20. Nxf6+ Qxf6 21. Bxe5 Qxe5
22. e4 bxa4 23. Qc2 Bc8 24. Bxc8 Rxc8 25. f4 Qe8 26. e5 Rab8 27. e6 f6 28. Ra1
Rb4 29. Ra3 Rc7 30. Re4 Rcb7 31. Rxb4 Rxb4 32. Re3 g6 33. e7 Rb7 34. Qe4 Kg7 35.
Qe6 Rb6 36. g4 h6 37. g5 f5 38. Qf6+ Kh7 39. gxh6 1-0

[Event "Mistrzostwa Polski Juniorow do lat 18 - Chlopcy"]
[Site "Jastrzebia Gora"]
[Date "1899-12-30"]
[Round "1.18"]
[White "Wojdak, Jan"]
[Black "Bem, Tymoteusz"]
[Result "1-0"]
[WhiteTitle "k"]
[BlackTitle "I"]
[WhiteElo "2097"]
[BlackElo "1748"]

1. e4 c5 2. Nf3 Nc6 3. Bb5 g6 4. Bxc6 bxc6 5. d4 cxd4 6. Qxd4 Nf6 7. e5 Nd5 8.
O-O Bg7 9. Rd1 O-O 10. Qh4 f6 11. c4 Nc7 12. Qg3 Ne8 13. Nc3 fxe5 14. Nxe5 Qc7
15. Nxd7 Qxg3 16. hxg3 Rf7 17. Bf4 Nd6 18. Ne5 Bxe5 19. Bxe5 Nxc4 20. Rd8+ Rf8
21. Rxf8+ Kxf8 22. Bd4 Nxb2 23. Re1 Nd3 24. Re3 c5 25. Rxd3 Bf5 26. Rd2 cxd4 27.
Rxd4 Rc8 28. Nd5 Rd8 29. g4 e5 30. Ra4 Bc2 31. Ra5 Rd7 32. Ne3 e4 33. Nxc2 Rd1+
34. Kh2 Rd2 35. Ne3 Rxf2 36. Kg3 Re2 37. Kf4 1-0

[Event "Mistrzostwa Polski Juniorow do lat 18 - Chlopcy"]
[Site "Jastrzebia Gora"]
[Date "1899-12-30"]
[Round "1.19"]
[White "Sternik, Piotr"]
[Black "Dziendziel, Mateusz"]
[Result "0-1"]
[WhiteTitle "I"]
[BlackTitle "I++"]
[WhiteElo "1746"]
[BlackElo "2084"]

1. d4 d5 2. c4 c6 3. Nf3 Nf6 4. g3 e6 5. Bg2 dxc4 6. O-O Nbd7 7. a4 a5 8. Qc2 Bd6
9. e4 e5 10. Na3 Bxa3 11. Rxa3 b5 12. dxe5 Ng4 13. axb5 cxb5 14. e6 fxe6 15. Ng5
Ra6 16. Bh3 Ndf6 17. e5 Nxe5 18. Qe2 Nd3 19. Bxe6 Qe7 20. Re1 Bxe6 21. Nxe6 0-1

[Event "Mistrzostwa Polski Juniorow do lat 18 - Chlopcy"]
[Site "Jastrzebia Gora"]
[Date "1899-12-30"]
[Round "1.20"]
[White "Budzisz, Adrian"]
[Black "Zeissel, Andrzej"]
[Result "1-0"]
[WhiteTitle "k"]
[BlackTitle "I"]
[WhiteElo "2069"]
[BlackElo "1717"]

1. d4 f5 2. c4 Nf6 3. g3 g6 4. Bg2 Bg7 5. Nc3 d6 6. Nf3 O-O 7. O-O c6 8. d5 e5
9. dxe6 Bxe6 10. b3 Na6 11. Ng5 Bc8 12. Bb2 Qe7 13. Qd2 h6 14. Nf3 Be6 15. Rad1
Rad8 16. Nd4 Bf7 17. Bxc6 bxc6 18. Nxc6 Qe6 19. Nxd8 Rxd8 20. Na4 Rd7 21. Qa5
Nc5 22. Nxc5 dxc5 23. Qxc5 Rxd1 24. Rxd1 Ne4 25. Qa3 Qb6 26. c5 Qc7 27. Bxg7 Kxg7
28. Qb2+ Kh7 29. b4 f4 30. Qd4 Ng5 31. h4 Ne6 32. Qd7 Kg7 33. Qxc7 Nxc7 34. Rd7
Nb5 35. c6 Kf6 36. a4 Nc3 37. c7 Be6 1-0

[Event "Mistrzostwa Polski Juniorow do lat 18 - Chlopcy"]
[Site "Jastrzebia Gora"]
[Date "1899-12-30"]
[Round "1.21"]
[White "Smuda, Tomasz"]
[Black "Wilk, Igor"]
[Result "0-1"]
[WhiteTitle "I"]
[BlackTitle "I++"]
[WhiteElo "1654"]
[BlackElo "2058"]

1. c4 e6 2. Nf3 Nf6 3. g3 d5 4. Bg2 Be7 5. O-O O-O 6. b3 c6 7. Bb2 b6 8. Qc2 Bb7
9. e3 Nbd7 10. Nc3 Rc8 11. Rac1 Qc7 12. Rfd1 dxc4 13. bxc4 c5 14. Nb5 Qb8 15.
d4 Qa8 16. Ne1 a6 17. Na3 Bxg2 18. Nxg2 b5 19. Qe2 b4 20. Nc2 a5 21. Nf4 Nb6 22.
dxc5 Na4 23. Ba1 Rxc5 24. Nd4 Ne4 25. Nb3 Rcc8 26. h4 Nac3 27. Qb2 a4 28. Nd2
a3 29. Qc2 Nxd1 30. Nxe4 Nb2 31. Nd2 Bf6 32. Nh5 Bc3 33. Ne4 Rxc4 34. Ng5 g6 35.
Qe2 h6 36. Nf4 hxg5 37. hxg5 Rfc8 38. Bxb2 axb2 39. Rd1 Bg7 40. Nd3 Rc1 0-1

[Event "Mistrzostwa Polski Juniorow do lat 18 - Chlopcy"]
[Site "Jastrzebia Gora"]
[Date "1899-12-30"]
[Round "1.22"]
[White "Ciszewski, Krzysztof"]
[Black "Czarniecki, Pawel"]
[Result "1-0"]
[WhiteTitle "I++"]
[BlackTitle "I"]
[WhiteElo "2047"]
[BlackElo "1625"]

1. d4 d5 2. c4 c6 3. Nc3 Nf6 4. Nf3 e6 5. Bg5 Nbd7 6. e3 Qa5 7. Nd2 Bb4 8. Qc2
O-O 9. Bxf6 Nxf6 10. Bd3 Bd7 11. O-O Rad8 12. c5 Bxc3 13. bxc3 Kh8 14. f4 Ng4
15. Rfe1 f5 16. a4 Qc7 17. a5 a6 18. Nf3 Bc8 19. h3 Nf6 20. Qf2 Rde8 21. Qh4 g6
22. g4 Kg7 23. Kh1 fxg4 24. hxg4 Nxg4 25. Ra2 e5 26. dxe5 Bf5 27. Bxf5 gxf5 28.
Nd4 Kh8 29. Nxf5 Nxe5 30. Nd6 Re6 31. fxe5 Qg7 32. Rh2 1-0

[Event "Mistrzostwa Polski Juniorow do lat 18 - Chlopcy"]
[Site "Jastrzebia Gora"]
[Date "1899-12-30"]
[Round "2.1"]
[White "Turski, Bartlomiej"]
[Black "Wojdak, Jan"]
[Result "1-0"]
[WhiteTitle "FM"]
[BlackTitle "k"]
[WhiteElo "2352"]
[BlackElo "2097"]

1. Nf3 d5 2. c4 e6 3. e3 Nf6 4. Nc3 Be7 5. b3 b6 6. Bb2 Bb7 7. cxd5 exd5 8. d4
Nbd7 9. Bd3 c5 10. Rc1 O-O 11. O-O Re8 12. Ne2 Bd6 13. Ng3 Bxg3 14. hxg3 Ne4 15.
dxc5 bxc5 16. Nd2 Nef6 17. Bf5 Qe7 18. Qc2 g6 19. Bh3 Ba6 20. Rfd1 Rad8 21. Nf3
Qe4 22. Qc3 d4 23. exd4 Nd5 24. Qa5 Be2 25. Re1 Nb4 26. Bxd7 Rxd7 27. dxc5 Rd3
28. Rc4 1-0

[Event "Mistrzostwa Polski Juniorow do lat 18 - Chlopcy"]
[Site "Jastrzebia Gora"]
[Date "1899-12-30"]
[Round "2.2"]
[White "Dziendziel, Mateusz"]
[Black "Karolczuk, Iwo"]
[Result "1-0"]
[WhiteTitle "I++"]
[BlackTitle "FM"]
[WhiteElo "2084"]
[BlackElo "2346"]

1. e4 e5 2. Nf3 Nc6 3. d4 exd4 4. Nxd4 Nf6 5. Nc3 Bb4 6. Nxc6 bxc6 7. Bd3 d5 8.
exd5 cxd5 9. O-O O-O 10. Bg5 c6 11. Qf3 Be7 12. h3 h6 13. Bf4 Be6 14. Rad1 Nd7
15. Rfe1 Bf6 16. Qh5 Re8 17. Na4 Qa5 18. b3 Qb4 19. Bd2 Qd6 20. Qf3 Be5 21. Kh1
Qc7 22. c4 Bf6 23. Bf4 Qa5 24. c5 Qd8 25. Ba6 Rb8 26. Bxb8 Qxb8 27. a3 Be5 28.
b4 Bc7 29. Qe2 Qd8 30. Qh5 Bb8 31. Bd3 Qf6 32. Re2 Ne5 33. Nb2 Qf4 34. g3 Qf6
35. f4 Nxd3 36. Nxd3 d4 37. Kh2 Rd8 38. Ne5 Bd5 39. Rxd4 Re8 40. Rdd2 Re7 41.
Re3 g5 42. Ng4 Qa1 43. Rxd5 Qb2+ 44. Kg1 Qb1+ 45. Kf2 Qa2+ 46. Ke1 Rxe3+ 47. Nxe3
cxd5 48. Qxh6 gxf4 49. Qg5+ Kh7 50. gxf4 Qxa3 51. Qh5+ Kg8 52. Nxd5 Qc1+ 53. Qd1
Qc4 54. Qg4+ Kh8 55. Qc8+ Kh7 56. Qf5+ Kg8 57. Qg5+ Kf8 58. Qd8+ Kg7 59. Qxb8
Qe4+ 60. Kf2 1-0